|
|
|
|
| LEADER |
00000nam0a2200000 4500 |
| 001 |
260582 |
| 005 |
20260409145022.0 |
| 010 |
|
|
|a 9785438703402
|
| 035 |
|
|
|a (RuTPU)RU\TPU\book\283535
|
| 090 |
|
|
|a 260582
|
| 100 |
|
|
|a 20140516d2013 m y0rusy50 ca
|
| 101 |
0 |
|
|a rus
|
| 102 |
|
|
|a RU
|
| 105 |
|
|
|a a j 001zy
|
| 200 |
1 |
|
|a Интегрированные компьютерные системы проектирования и управления
|e учебное пособие
|f Е. И. Громаков, А. В. Лиепиньш
|g Национальный исследовательский Томский политехнический университет (ТПУ)
|
| 210 |
|
|
|a Томск
|c Изд-во ТПУ
|d 2013
|
| 215 |
|
|
|a 212 с.
|c ил.
|
| 320 |
|
|
|a Библиогр.: с. 206-208.
|
| 320 |
|
|
|a Указатель: с. 209-211.
|
| 330 |
|
|
|a В пособии изложены методические рекомендации по проектированию компьютерных интегрированных систем управления. Рассмотрены основные понятия, структура, классификация, методология разработки интегрированных компьютерных систем управления производством нефтегазовой отрасли. Предназначено для студентов направления 220700 (магистры), 220301 (инженеры) «Автоматизация технологических процессов и производств (в нефтегазовой отрасли)» дневной и заочной форм обучения.
|
| 452 |
|
1 |
|0 (RuTPU)RU\TPU\book\286803
|t Интегрированные компьютерные системы проектирования и управления
|o учебное пособие
|f Е. И. Громаков, А. В. Лиепиньш
|g Национальный исследовательский Томский политехнический университет (ТПУ) ; Национальный исследовательский Томский политехнический университет (ТПУ), Институт кибернетики (ИК)
|c Томск
|n Изд-во ТПУ
|d 2013
|a Громаков, Евгений Иванович
|
| 606 |
1 |
|
|a Автоматизированные системы проектирования
|x интегрированные
|2 stltpush
|3 (RuTPU)RU\TPU\subj\707
|
| 610 |
1 |
|
|a интегрированные компьютерные системы
|
| 610 |
1 |
|
|a проектные решения
|
| 610 |
1 |
|
|a технические задания
|
| 610 |
1 |
|
|a производственные процессы
|
| 610 |
1 |
|
|a учетные операции
|
| 610 |
1 |
|
|a АСУ
|
| 610 |
1 |
|
|a автоматизированные системы управления
|
| 610 |
1 |
|
|a техническое обслуживание
|
| 610 |
1 |
|
|a ремонт
|
| 610 |
1 |
|
|a противоаварийная защита
|
| 610 |
1 |
|
|a учебные пособия
|
| 610 |
1 |
|
|a труды учёных ТПУ
|
| 675 |
|
|
|a 658.512.2.011.56:681.3(075.8)
|v 3
|
| 700 |
|
1 |
|a Громаков
|b Е. И.
|c специалист в области автоматизированных систем управления
|c доцент Томского политехнического университета, кандидат технических наук
|f 1943-
|g Евгений Иванович
|3 (RuTPU)RU\TPU\pers\25727
|9 11629
|
| 701 |
|
1 |
|a Лиепиньш
|b А. В.
|c специалист в области автоматики и электроники
|c заведующий кафедрой Томского политехнического университета, кандидат технических наук
|f 1974-
|g Андрей Вилнисович
|3 (RuTPU)RU\TPU\pers\30837
|9 15084
|
| 712 |
0 |
2 |
|a Национальный исследовательский Томский политехнический университет (ТПУ)
|c (2009- )
|3 (RuTPU)RU\TPU\col\15902
|
| 801 |
|
1 |
|a RU
|b 63413507
|c 20140516
|
| 801 |
|
2 |
|a RU
|b 63413507
|c 20141111
|g RCR
|
| 942 |
|
|
|c BK
|